01009nam a2200265 a 450000100060000000300080000600500170001400800410003102000320007203500190010404000260012304100080014908200370015711000440019424500930023826000240033130000340035549000270038950000320041665000600044883000350050894200130054399900170055695201700057360345BD-RjUL20211209080828.0161231s2011 bg a|||||||||o0|| 0 eng d a984508978Xc: Complimentary a(BD-RjUL)60469 aBD-RjULbengcBD-RjUL aeng 223a630.95492021 bJHE 2011 (ZS) aBangladesh Bureau Of Statistics917926610aCensus of agriculture, 2008 :bZila series, Jhenaidah /cBangladesh Bureau of Statistics aDhaka:bBBS,c2011. axvi, 316 p. :bill. ;c28 cm. aZila Series, Jhenaidah aChiefly statistical tables. aAgriculturezBangladeshzJhenaidahvStatistics.9179590 aZila Series, Jhenaidah9179882 2ddccRAR c60345d60345 00102ddc40718RAREaRUCLbRUCLcRared2012-03-18eRajshahi, Ancholik Statistics Officel0oRA 630.95492021 JHE 2011(ZS)r2016-12-31 00:00:00tC-1w2021-12-09yRAR